000
00315nam a22001457a 4500
003
SGT
020
_a
0-7619-1490-0
082
_a
614,P99T
100
_a
THOMPSON, ROSS A.
245
_a
THE POST DIVORCE FAMILY
260
_a
LONDON
_b
SAGE
_c
1999
300
_a
245
650
_a
COMMUNITY MEDICINE
942
_2
ddc
_c
BK
999
_c
8346
_d
8346